LEADER 01512nam a2200301 u 4500 001 000000030507 003 CaOOAMICUS 005 20070226112033.0 008 970916m1960 fr u000 u fre u 035 $a10769561 040 $aPUL(R)$bita 100 1 $aVaux, Roland de,$cO.P.,$d1903-1971.$0(OLS)http://pul/name/8320 245 14$aLes institutions de l'Ancien Testament /$cR. de Vaux. 250 $a2e éd. revue. 260 $aParis :$bEd. du Cerf,$c<1960- >. 300 $a ;$c19 cm 500 $aContiene indici. 504 $aBibliografia in nota. 505 1 $av.1. Le nomadisme et ses survivances; institutions familiales; institutions civiles. -- v.2: Insitutiones militaires; insitutions religieuses. 630 04$aBiblia.$pV.T.$xStoria degli eventi biblici.$0(OLS)http://pul/subject/9607 850 $aPUL 852 $aPUL$W1$xSL Religione 1$y3$m5 H 7$j42151$nBK-PRI$b $qStampati$B42151$CPULBib$Z2$F42151 $H $81 852 $aPUL$W1$xCollocazioni Temporanee$y24$m264 C (45-46)$j42152$n $b $qStampati$B42152$CPULBib$Z2$F42152 $H818, 819 $81 852 $aPUL$W1$xCollocazioni Temporanee$y24$m264 C (45-46)$j42152$n $b $qStampati$B42153$CPULBib$Z2$F42153 $H818, 819 $81 900 $aDe Vaux, Roland,$cO.P.,$d1903-1971$98320 941 1 $a8 996 $6245$aLes institutions de l'Ancien Testament$9(OLS)http://pul/title/41912 996 $6260$aParis :$bEd. du Cerf$9(OLS)http://pul/publisher/54614 LEADER 01585nam a2200337 u 4500 001 000000058104 003 CaOOAMICUS 005 20070226120645.0 008 010525s1996 it u000 u ita u 020 $a8817116793 035 $a10890415 040 $aPUL(R)$bita 041 1 $aita$hfre 100 1 $aDésalmand, Paul.$0(OLS)http://pul/name/40408 240 10$a100 Grandes citations politiques expliquées.$lItaliano.$0(OLS)http://pul/title/77814 245 13$aIl pensiero politico :$bdall'antichità a oggi attraverso cento grandi citazioni commentate /$cPaul Désalmand - Philippe Forest. 246 3 $aCent grandes citations politiques expliquées 260 $aMilano :$bRizzoli,$cc1996. 300 $a623 p. ;$c20 cm 490 1 $aSupersaggi (Biblioteca universale Rizzoli) ;$v179 500 $aInclude indici. 650 4$aSociologia politica.$0(OLS)http://pul/subject/7212 700 1 $aForest, Philippe.$0(OLS)http://pul/name/40409 830 0$aBUR Supersaggi ;$v179.$0(OLS)http://pul/title/59908 850 $aPUL 852 $aPUL$W1$xSL Religione 2$y84$mRH D3 199$j75933$nBK-PRI$b $qStampati altre collocazioni$B75933$CPULBib$Z2$F75933 $H $81 941 1 $a10 996 $6020$a8817116793$9(OLS)http://pul/number/73574 996 $6245$aIl pensiero politico :$bdall'antichità a oggi attraverso cento grandi citazioni commentate$9(OLS)http://pul/title/77815 996 $6246$aCent grandes citations politiques expliquées$9(OLS)http://pul/title/77816 996 $6260$aMilano :$bRizzoli$9(OLS)http://pul/publisher/48712